Honduras y la mala hora de América Latina /

El golpe en Honduras reveló, en primer lugar, la insuficiencia de los mecanismos interamericanos, en particular la Carta Democrática, para revertir este tipo de situaciones. También ratificó la histórica fragilidad de las instituciones republicanas hondureñas y expuso las dificultades o indecisiones...

Disgrifiad llawn

Wedi'i Gadw mewn:
Manylion Llyfryddiaeth
Prif Awdur: Páramo, Pedro
Fformat: Texto
Pynciau:
Tagiau: Ychwanegu Tag
Dim Tagiau, Byddwch y cyntaf i dagio'r cofnod hwn!

MARC

LEADER 00000 a a2200000 04500
001 40529
003
040
100 |a Páramo, Pedro  
245 |a Honduras y la mala hora de América Latina /  |c Pedro Páramo  
520 |a El golpe en Honduras reveló, en primer lugar, la insuficiencia de los mecanismos interamericanos, en particular la Carta Democrática, para revertir este tipo de situaciones. También ratificó la histórica fragilidad de las instituciones republicanas hondureñas y expuso las dificultades o indecisiones del gobierno de Barack Obama. Y por último evidenció las discrepancias entre los países del bloque bolivariano entre estos y otros gobiernos progresistas de la región. Pero la crisis de Honduras fue, sobre todo, una muestra dramática de una región fragmentada en lo político, polarizada en lo ideológico y que, a pesar de la prosperidad económica de los últimos años, sigue siendo muy desigual. En este contexto, el colapso de un gobierno democrático por vía de una asonada militar apoyada por elites reaccionarias marca un peligroso precedente para los países de la región.  
590 |a RRA/MARZO2011  
650 |a 1.GOLPES DE ESTADO  
650 |a 2.HONDURAS  
650 |a 3.DEMOCRACIA  
650 |a 4.CONFLICTOS SOCIALES  
650 |a 5.CONFLICTOS POLITICOS  
650 |a 6.RELACIONES INTERNACIONALES  
773 |g número226 ( , 2010), páginas 115-124  
999 |c 37818  |d 37818